Administración estratégica : (Registro nro. 22146)

Detalles MARC
000 -Cabecera
Campo de control interno 01406nam a22003017a 4500
005 - Fecha y hora del registro
control field 20260331144726.0
008 - Elementos de Longitud Fija
fixed length control field 260330b |||||||| |||| 00| 0 spa d
020 ## - ISBN
ISBN 9786071520227
041 ## - Idioma
Codigo Idioma ESP
082 ## - DEWEY y NOTACIÓN INTERNA
Dewey 658.4012
Notación Interna T48 2023
100 ## - AUTOR
Autor denominación Thompson, Arthur A.
Término de relación autor
245 ## - TÍTULO DE MATERIAL BIBLIOGRÁFICO
Título Administración estratégica :
Título paralelo en busca de la ventaja competitiva
250 ## - EDICIÓN
Edición Vigesimotercera edición
260 ## - CIUDAD, EDITORIAL, AÑO
Ciudad Ciudad de México :
Nombre de la Editorial McGraw-Hill Interamericana Editores,
Año 2023
300 ## - DESCRIPCIÓN
N° Páginas Varias paginaciones :
Otros detalles tablas ;
Dimensiones 27 cm.
440 ## - MENCIÓN DE SERIE
Título de la Serie ;
650 ## - TEMAS
Temas Tecnología (Ciencias Aplicadas)
653 ## - DESCRIPTORES
Lenguajes no controlado Administración; Gerencia ejecutiva; Administración - Planificación; Administración - Estrategia
654 ## - PROGRAMAS
Programa Dpto. de Administración de Negocios
700 ## - OTROS AUTORES
Otros autores Peteraf, Margaret A.,
Títulos y otras palabras asociadas con el nombre autor
700 ## - OTROS AUTORES
Otros autores Gamble, John E.,
Títulos y otras palabras asociadas con el nombre autor
700 ## - OTROS AUTORES
Otros autores Strickland III, A. J.,
Títulos y otras palabras asociadas con el nombre autor
856 ## - URL - UBICACIÓN
URI/URL: Enlace exacto del recurso <a href="https://0u213utqu-y-https-ebooks7--24-com.itmsp.museknowledge.com/visorEpub.aspx?i=31450&t=75CB45B6-F41E-41F8-A3DE-AC250F4110BF">https://0u213utqu-y-https-ebooks7--24-com.itmsp.museknowledge.com/visorEpub.aspx?i=31450&t=75CB45B6-F41E-41F8-A3DE-AC250F4110BF</a>
Nota pública: Versión digital <a href="Versión digital">Versión digital</a>
856 ## - URL - UBICACIÓN
URI/URL: Enlace exacto del recurso <a href="https://0u213utzc-y-https-ebooks7--24-com.itmsp.museknowledge.com/biblioteca.aspx">https://0u213utzc-y-https-ebooks7--24-com.itmsp.museknowledge.com/biblioteca.aspx</a>
Nota pública: Versión digital <a href="Véase además: Base de datos Ebook7-24">Véase además: Base de datos Ebook7-24</a>
856 ## - URL - UBICACIÓN
URI/URL: Enlace exacto del recurso <a href="https://0u213utz5-y-https-ebooks7--24-com.itmsp.museknowledge.com/visorBook.aspx?i=9441&t=B7E73289-B7E1-404E-A33C-677AA55FC65F">https://0u213utz5-y-https-ebooks7--24-com.itmsp.museknowledge.com/visorBook.aspx?i=9441&t=B7E73289-B7E1-404E-A33C-677AA55FC65F</a>
Nota pública: Versión digital <a href="Véase además: Administración estratégica, por Charles Hill. Versión digital">Véase además: Administración estratégica, por Charles Hill. Versión digital</a>
942 ## - ELEMENTOS DE KOHA
Tipo de documento Libro
Nombre del creador Justo Noguera
Código de catalogador Tania Ramirez
Suppress in OPAC No
Esquema de clasificación Dewey Decimal Classification
Existencias
Codigo completo Registro Colección Copia número Disponibilidad Tipo de préstamo Biblioteca Actual Procedencia (Biblioteca) Ubicacón Fecha Ingreso Tipo de Adquisición Observación Date last seen Total checkouts Price effective from Tipo de Item Estado del Material Fuente de Clasificación Damaged status Withdrawn status
658.4012 T48 2023 1088239 Universidad Católica San Pablo 1 Disponible Disponible Víctor Andrés Belaunde Víctor Andrés Belaunde Primer piso 30/03/2026 Compra Administración de negocios 30/03/2026   30/03/2026 Libro Bueno Dewey Decimal Classification